[Event "GER-ch U14 Girls"]
[Site "Willingen"]
[Date "2008.05.11"]
[Round "3"]
[White "Stark, Saskia"]
[Black "Korman, Jewgenija"]
[Result "1/2-1/2"]
[WhiteElo "1926"]
[BlackElo "1774"]
[PlyCount "58"]
[EventDate "2008.05.11"]
[EventType "swiss"]
[EventRounds "9"]
[EventCountry "GER"]
[SourceTitle "CBM 124 Extra"]
[Source "ChessBase"]
[SourceDate "2008.07.03"]
[SourceVersion "1"]
[SourceVersionDate "2008.07.03"]
[SourceQuality "1"]

1. e4 c6 2. d4 d5 3. Nc3 dxe4 4. Nxe4 Bf5 5. Nc5 Qc8 6. Nf3 Nd7 7. Nb3 Ngf6 8. Bd3 Bxd3 9. Qxd3 e6 10. 0-0 Bd6 11. Nbd2 0-0 12. Nc4 Bc7 13. c3 h6 14. Re1 Rd8 15. Nfe5 Qb8 16. Qg3 Kf8 17. Nxd7+ Rxd7 18. Qh4 Qd8 19. Bf4 Nd5 20. Qxd8+ Raxd8 21. Bxc7 Rxc7 22. Rad1 Nb6 23. Ne5 Na4 24. Rd2 c5 25. Nf3 cxd4 26. Nxd4 Rcd7 27. Rde2 Kg8 28. f4 a6 29. Rf1 Rd5 1/2-1/2

[Event "Kaupthing op-B 1st"]
[Site "Differdange"]
[Date "2007.07.12"]
[Round "7"]
[White "Korman, Jewgenija"]
[Black "Ludewig, Robert"]
[Result "1/2-1/2"]
[WhiteElo "1661"]
[BlackElo "1910"]
[PlyCount "60"]
[EventDate "2007.07.08"]
[EventType "swiss"]
[EventRounds "9"]
[EventCountry "LUX"]
[SourceTitle "EXT 2008"]
[Source "ChessBase"]
[SourceDate "2007.11.25"]
[SourceVersion "1"]
[SourceVersionDate "2007.11.25"]
[SourceQuality "1"]

1. e4 e5 2. Nf3 Nc6 3. Bc4 Bc5 4. d3 d6 5. Ng5 Nh6 6. h3 Qf6 7. 0-0 Bd7 8. Qh5 Nd4 9. Qd1 a6 10. Nc3 c6 11. Ne2 b5 12. Bb3 Nxb3 13. axb3 Qg6 14. Ng3 f6 15. Nf3 Bb6 16. Kh2 Ng8 17. Nh4 Qf7 18. f4 Ne7 19. fxe5 dxe5 20. Bd2 c5 21. Bc3 Bc7 22. Qe2 Ng6 23. Nhf5 Nf4 24. Qf2 Ne6 25. Ba5 Qf8 26. Ne3 Bxa5 27. Rxa5 Nf4 28. Ne2 Nxe2 29. Qxe2 Be6 30. Qh5+ Qf7 1/2-1/2

[Event "GER-ch U14 Girls"]
[Site "Willingen"]
[Date "2007.05.30"]
[Round "7"]
[White "Korman, Jewgenija"]
[Black "Dorn, Carina"]
[Result "0-1"]
[WhiteElo "1438"]
[BlackElo "1749"]
[PlyCount "82"]
[EventDate "2007.05.26"]
[EventType "swiss"]
[EventRounds "9"]
[EventCountry "GER"]
[SourceTitle "CBM 118 Extra"]
[Source "ChessBase"]
[SourceDate "2007.07.04"]
[SourceVersion "1"]
[SourceVersionDate "2007.07.04"]
[SourceQuality "1"]

1. e4 e6 2. d4 d5 3. Nc3 Bb4 4. Bd3 Ne7 5. Qg4 Ng6 6. e5 c5 7. a3 Bxc3+ 8. bxc3 b6 9. Nf3 Ba6 10. Bxa6 Nxa6 11. 0-0 Qc7 12. Ne1 cxd4 13. cxd4 Qc4 14. Qd1 0-0 15. Qd3 Rfc8 16. Qxc4 Rxc4 17. Bb2 Rac8 18. g3 Nc7 19. a4 b5 20. axb5 Nxb5 21. Rd1 Ne7 22. Rd3 Nf5 23. Nf3 Rxc2 24. Rb3 a6 25. Rd1 h6 26. Kg2 Ne3+ 27. Rxe3 Rxb2 28. Ne1 Rc4 29. Red3 a5 30. Ra1 a4 31. Nf3 a3 32. Rdd1 Rcc2 33. Rf1 a2 34. Ne1 Re2 35. Nf3 Na3 36. Rfe1 Rxf2+ 37. Kh3 Rxf3 38. Rec1 Nc2 39. Kg4 Rf2 40. h4 Nxa1 41. Rxa1 Rb1 0-1

[Event "GER-ch U12"]
[Site "Willingen"]
[Date "2006.06.09"]
[Round "10"]
[White "Korman, Jewgenija"]
[Black "Alber, Alexander"]
[Result "0-1"]
[WhiteElo "1236"]
[BlackElo "1398"]
[PlyCount "76"]
[EventDate "2006.06.03"]
[EventType "swiss"]
[EventRounds "11"]
[EventCountry "GER"]
[SourceTitle "EXT 2007"]
[Source "ChessBase"]
[SourceDate "2006.11.23"]
[SourceVersion "1"]
[SourceVersionDate "2006.11.23"]
[SourceQuality "1"]

1. e4 c5 2. Nf3 e6 3. d4 cxd4 4. Nxd4 a6 5. a3 Nf6 6. Bd3 Nc6 7. Be3 d5 8. exd5 Nxd5 9. Nxc6 bxc6 10. Bd2 Bb7 11. 0-0 Bd6 12. Qg4 Qf6 13. c3 Nf4 14. Bxf4 Bxf4 15. Qf3 Qh6 16. g3 Bc7 17. Be4 e5 18. Rd1 Rd8 19. Rxd8+ Bxd8 20. Qe2 0-0 21. Nd2 Bc7 22. Nb3 Bb6 23. Rd1 Qe6 24. Nc1 a5 25. Rd2 Kh8 26. Qd3 f5 27. Bg2 f4 28. gxf4 Rxf4 29. Qg3 Rg4 30. Qf3 h6 31. Kf1 Ba6+ 32. Kg1 Qg6 33. Kh1 Bf1 34. Qf8+ Kh7 35. f3 Bxg2+ 36. Rxg2 Rxg2 37. Ne2 Rg1+ 38. Nxg1 Qxg1# 0-1

[Event "GER-ch U12"]
[Site "Willingen"]
[Date "2006.06.07"]
[Round "7"]
[White "Korman, Jewgenija"]
[Black "Weissenburg, Isabel"]
[Result "1-0"]
[WhiteElo "1236"]
[BlackElo "1255"]
[PlyCount "73"]
[EventDate "2006.06.03"]
[EventType "swiss"]
[EventRounds "11"]
[EventCountry "GER"]
[SourceTitle "EXT 2007"]
[Source "ChessBase"]
[SourceDate "2006.11.23"]
[SourceVersion "1"]
[SourceVersionDate "2006.11.23"]
[SourceQuality "1"]

1. e4 c5 2. Nf3 d6 3. d4 cxd4 4. Nxd4 Nf6 5. Nc3 a6 6. h3 e5 7. Nb3 Be6 8. Bg5 Be7 9. Bd3 Nc6 10. Qe2 0-0 11. Bxf6 Bxf6 12. Bc4 b5 13. Bd5 Rc8 14. 0-0 Nb4 15. a3 Bxd5 16. exd5 Rxc3 17. bxc3 Nxd5 18. Qd2 Qa8 19. Rad1 Nf4 20. f3 Rd8 21. Rfe1 Bg5 22. Qf2 f5 23. Kh2 e4 24. g3 Nd5 25. Qd4 Nf6 26. f4 Bh6 27. Re2 Qb7 28. Rf2 Qf7 29. Qb6 Nd5 30. Qxd8+ Qf8 31. Qxf8+ Kxf8 32. Rxd5 Ke7 33. Rxf5 Ke6 34. Rf8 g6 35. Re8+ Kd5 36. Rd2+ Kc4 37. Rc8# 1-0

[Event "GER-ch U12"]
[Site "Willingen"]
[Date "2006.06.06"]
[Round "6"]
[White "Orhan, Eda"]
[Black "Korman, Jewgenija"]
[Result "1-0"]
[WhiteElo "1391"]
[BlackElo "1236"]
[PlyCount "82"]
[EventDate "2006.06.03"]
[EventType "swiss"]
[EventRounds "11"]
[EventCountry "GER"]
[SourceTitle "EXT 2007"]
[Source "ChessBase"]
[SourceDate "2006.11.23"]
[SourceVersion "1"]
[SourceVersionDate "2006.11.23"]
[SourceQuality "1"]

1. e4 c6 2. d4 d5 3. exd5 cxd5 4. Nf3 Bg4 5. h3 Bh5 6. Bf4 a6 7. Bd3 Nc6 8. c3 e6 9. Nbd2 Bxf3 10. Nxf3 Bd6 11. Qd2 Qc7 12. Bxd6 Qxd6 13. 0-0 h6 14. Rfe1 Nf6 15. Ne5 0-0 16. Qe3 Qc7 17. Qg3 Nxe5 18. dxe5 Nd7 19. Kh1 Kh8 20. f4 Nc5 21. Bc2 Rad8 22. Rad1 Rde8 23. Re3 Rg8 24. Rf1 Ref8 25. Qh4 f6 26. Qh5 Qf7 27. Bg6 Qc7 28. Rff3 Qe7 29. b4 Nd7 30. Rg3 fxe5 31. fxe5 Rf1+ 32. Kh2 Rf4 33. Rg4 Qf8 34. Rgg3 Rf2 35. Ref3 Rxf3 36. Rxf3 Qb8 37. Re3 Qc7 38. Bf7 Nxe5 39. Rxe5 Rf8 40. Bxe6 Rf2 41. Qe8+ Kh7 1-0

[Event "GER-ch U12"]
[Site "Willingen"]
[Date "2006.06.05"]
[Round "5"]
[White "Korman, Jewgenija"]
[Black "Marquardt, Annabelle"]
[Result "1-0"]
[WhiteElo "1236"]
[BlackElo "872"]
[PlyCount "149"]
[EventDate "2006.06.03"]
[EventType "swiss"]
[EventRounds "11"]
[EventCountry "GER"]
[SourceTitle "EXT 2007"]
[Source "ChessBase"]
[SourceDate "2006.11.23"]
[SourceVersion "1"]
[SourceVersionDate "2006.11.23"]
[SourceQuality "1"]

1. e4 c5 2. Nf3 Nc6 3. b3 Nf6 4. Nc3 d6 5. h3 a6 6. Bb2 e5 7. d3 Be6 8. Be2 Nd4 9. Nh2 Be7 10. Bf3 Rb8 11. 0-0 Nd7 12. Ne2 Bh4 13. Bxd4 cxd4 14. Bg4 Nc5 15. Bxe6 Nxe6 16. Nf3 Rc8 17. Nxh4 Qxh4 18. Ng3 0-0 19. Nf5 Qd8 20. Rc1 d5 21. Qe1 Nf4 22. Kh2 g6 23. Ng3 Qg5 24. exd5 h5 25. Qe4 h4 26. Nh1 f5 27. Qf3 e4 28. dxe4 fxe4 29. Qg4 Rf5 30. g3 Qxg4 31. hxg4 hxg3+ 32. fxg3 Ne2 33. gxf5 Nxc1 34. Rxc1 gxf5 35. Kg2 d3 36. d6 d2 37. Rd1 e3 38. Kf3 Re8 39. Ke2 Kf7 40. d7 Rd8 41. Kxe3 Rxd7 42. Rxd2 Rxd2 43. Kxd2 Ke6 44. Kd3 Kd5 45. Nf2 a5 46. Nd1 Ke5 47. a4 f4 48. gxf4+ Kxf4 49. Kd4 Kf5 50. Kc5 Ke6 51. Kb6 Kd6 52. Kxb7 Kc5 53. Ka6 Kb4 54. c3+ Kxb3 55. Kxa5 Kc4 56. Kb6 Kd5 57. a5 Kd6 58. a6 Kd7 59. Kb7 Kd6 60. a7 Kc5 61. a8Q Kb5 62. Qc8 Ka4 63. c4 Kb3 64. c5 Kc2 65. c6 Kxd1 66. c7 Kd2 67. Qd8+ Ke3 68. c8R Ke4 69. Rc7 Kf5 70. Re7 Kf6 71. Qf8+ Kg6 72. Qf1 Kg5 73. Rg7+ Kh6 74. Rg2 Kh5 75. Qh1# 1-0

[Event "GER-ch U12"]
[Site "Willingen"]
[Date "2006.06.04"]
[Round "3"]
[White "Korman, Jewgenija"]
[Black "Veelders, Wiebke"]
[Result "1-0"]
[WhiteElo "1236"]
[BlackElo "997"]
[PlyCount "149"]
[EventDate "2006.06.03"]
[EventType "swiss"]
[EventRounds "11"]
[EventCountry "GER"]
[SourceTitle "EXT 2007"]
[Source "ChessBase"]
[SourceDate "2006.11.23"]
[SourceVersion "1"]
[SourceVersionDate "2006.11.23"]
[SourceQuality "1"]

1. e4 e6 2. Nf3 d5 3. exd5 exd5 4. Qe2+ Be7 5. g3 Nf6 6. Bg2 Bf5 7. Qb5+ Nbd7 8. Nd4 Be4 9. Bxe4 dxe4 10. Nf5 0-0 11. Nxe7+ Qxe7 12. Qxb7 Ne5 13. 0-0 Rfb8 14. Qa6 Rb6 15. Qe2 Re8 16. Nc3 Nf3+ 17. Kg2 Nd4 18. Qd1 Qe5 19. d3 c5 20. Rb1 Qe6 21. Re1 Qc6 22. Kh3 Qd7+ 23. Kg2 Qb7 24. dxe4 Nxe4 25. Nxe4 Rxe4 26. Rxe4 Qxe4+ 27. f3 Qd5 28. b3 Rf6 29. Bb2 Rxf3 30. Kg1 Qe4 31. Bxd4 cxd4 32. Qe1 Re3 33. Qf1 Qxc2 34. Rc1 d3 35. Rxc2 dxc2 36. Qc1 Rc3 37. Kf1 Kf8 38. Kf2 f6 39. Ke2 Rc8 40. Kd2 Kf7 41. Qxc2 Rxc2+ 42. Kxc2 Kg6 43. Kd3 Kg5 44. h3 Kf5 45. Kd4 g5 46. a4 g4 47. h4 h6 48. b4 Ke6 49. Ke4 f5+ 50. Kd4 Kd6 51. h5 a6 52. b5 axb5 53. axb5 Kc7 54. Ke5 Kb6 55. Kxf5 Kxb5 56. Kxg4 Kc5 57. Kf5 Kd6 58. Kg6 Ke6 59. Kxh6 Kf5 60. Kg7 Kg5 61. h6 Kg4 62. h7 Kxg3 63. h8Q Kf4 64. Qh5 Ke4 65. Qc5 Kf4 66. Kg6 Ke4 67. Kf6 Kf4 68. Qc4+ Ke3 69. Kf5 Kf3 70. Qc3+ Ke2 71. Kf4 Kd1 72. Qb2 Ke1 73. Kf3 Kd1 74. Ke3 Ke1 75. Qe2# 1-0

[Event "GER-ch U12"]
[Site "Willingen"]
[Date "2005.05.21"]
[Round "11"]
[White "Weber, Max"]
[Black "Korman, Jewgenija"]
[Result "1/2-1/2"]
[WhiteElo "1128"]
[BlackElo "1210"]
[PlyCount "69"]
[EventDate "2005.05.14"]
[EventType "swiss"]
[EventRounds "11"]
[EventCountry "GER"]
[SourceTitle "CBM 106 Extra"]
[Source "ChessBase"]
[SourceDate "2005.07.01"]
[SourceVersion "1"]
[SourceVersionDate "2005.07.01"]
[SourceQuality "1"]

1. e4 c6 2. d4 d5 3. Nc3 e6 4. exd5 exd5 5. Bd3 Bd6 6. Nf3 Nf6 7. 0-0 0-0 8. Bg5 Bg4 9. h3 Bh5 10. Re1 Nbd7 11. Be2 Bg6 12. Bd3 Bxd3 13. Qxd3 Qc7 14. Re2 Rfe8 15. Rae1 Rxe2 16. Rxe2 h6 17. Be3 Re8 18. Bd2 Rxe2 19. Qxe2 Nb6 20. Ne5 Bxe5 21. Qxe5 Qxe5 22. dxe5 Nfd7 23. f4 h5 24. b3 Kf8 25. Kf2 Ke7 26. Kf3 d4 27. Ne2 c5 28. c3 dxc3 29. Nxc3 Ke6 30. g4 hxg4+ 31. hxg4 Nd5 32. Nxd5 Kxd5 33. Bc3 g6 34. Ke3 b6 35. Kd3 1/2-1/2

[Event "GER-ch U12"]
[Site "Willingen"]
[Date "2005.05.17"]
[Round "6"]
[White "Bluebaum, Johanna"]
[Black "Korman, Jewgenija"]
[Result "1-0"]
[WhiteElo "1542"]
[BlackElo "1210"]
[PlyCount "119"]
[EventDate "2005.05.14"]
[EventType "swiss"]
[EventRounds "11"]
[EventCountry "GER"]
[SourceTitle "CBM 106 Extra"]
[Source "ChessBase"]
[SourceDate "2005.07.01"]
[SourceVersion "1"]
[SourceVersionDate "2005.07.01"]
[SourceQuality "1"]

1. d4 d5 2. c4 e6 3. Nc3 Nf6 4. cxd5 exd5 5. Bg5 Be7 6. e3 Nbd7 7. Bd3 c6 8. Nge2 Ng4 9. Bxe7 Qxe7 10. Ng3 Ngf6 11. Nf5 Qf8 12. 0-0 g6 13. Ng3 Qh6 14. Qe2 0-0 15. f3 Nb6 16. Rae1 Bd7 17. e4 Rae8 18. e5 Nh5 19. Nxh5 Qxh5 20. Qf2 Qg5 21. f4 Qh5 22. f5 Bxf5 23. Bxf5 Qxf5 24. Qxf5 gxf5 25. Rxf5 f6 26. Nd1 fxe5 27. Rxf8+ Rxf8 28. dxe5 Re8 29. Nf2 Nd7 30. Nd3 Kf7 31. g4 b6 32. Kg2 c5 33. Kg3 a5 34. h4 h6 35. g5 hxg5 36. hxg5 Kg6 37. Kg4 d4 38. Nf4+ Kg7 39. e6 Nf8 40. Nh5+ Kg6 41. e7 Nd7 42. Nf4+ Kf7 43. g6+ Kg8 44. Nd5 d3 45. Kf5 Kg7 46. Ke6 Nf8+ 47. Kf5 Nxg6 48. Rg1 d2 49. Rxg6+ Kh7 50. Rg1 Kh6 51. Kf6 Kh5 52. Kf7 Ra8 53. e8Q Rxe8 54. Kxe8 c4 55. Nxb6 c3 56. bxc3 a4 57. Nc4 d1Q 58. Rxd1 Kh4 59. Rg1 Kh3 60. Kf7 1-0

[Event "GER-ch U12"]
[Site "Willingen"]
[Date "2005.05.16"]
[Round "5"]
[White "Korman, Jewgenija"]
[Black "Wilke, Friedrich"]
[Result "0-1"]
[WhiteElo "1210"]
[BlackElo "1458"]
[PlyCount "120"]
[EventDate "2005.05.14"]
[EventType "swiss"]
[EventRounds "11"]
[EventCountry "GER"]
[SourceTitle "CBM 106 Extra"]
[Source "ChessBase"]
[SourceDate "2005.07.01"]
[SourceVersion "1"]
[SourceVersionDate "2005.07.01"]
[SourceQuality "1"]

1. e4 g6 2. Nf3 Bg7 3. Nc3 c6 4. Bc4 e6 5. Qe2 Ne7 6. 0-0 d5 7. Bb3 0-0 8. d4 b6 9. exd5 Ba6 10. Bc4 Bxc4 11. Qxc4 exd5 12. Qd3 Nf5 13. Ne2 Re8 14. c3 Nd7 15. Bd2 Nf6 16. Bg5 a5 17. Rfe1 Ra7 18. Nf4 Rae7 19. Rxe7 Qxe7 20. Qd2 Qd7 21. Re1 Ne4 22. Qc1 f6 23. Bh4 Nxh4 24. Nxh4 g5 25. f3 Nd6 26. Nh5 gxh4 27. Nxg7 Kxg7 28. h3 Nc4 29. Rxe8 Qxe8 30. b3 Qe3+ 31. Qxe3 Nxe3 32. a3 c5 33. dxc5 bxc5 34. f4 Nd1 35. b4 c4 36. b5 d4 37. b6 dxc3 38. b7 c2 39. b8Q c1Q 40. Qc7+ Kg6 41. f5+ Kh6 42. Qc5 Qe3+ 43. Qxe3+ Nxe3 44. Kf2 Nxg2 45. Ke2 Nf4+ 46. Kd2 Nxh3 47. Kc3 Nf4 48. Kxc4 h3 49. Kb5 h2 50. Kxa5 h1Q 51. a4 Kg5 52. Ka6 h5 53. a5 Qa8+ 54. Kb6 h4 55. a6 h3 56. a7 h2 57. Kc7 h1Q 58. Kb6 Kxf5 59. Ka6 Kg5 60. Kb6 Nd5+ 0-1

[Event "GER-ch U10"]
[Site "Willingen"]
[Date "2004.06.02"]
[Round "7"]
[White "Mirke, Roy"]
[Black "Korman, Jewgenija"]
[Result "1-0"]
[WhiteElo "1227"]
[BlackElo "1136"]
[PlyCount "185"]
[EventDate "2004.06.??"]
[EventType "swiss"]
[EventRounds "11"]
[EventCountry "GER"]
[SourceTitle "EXT 2005"]
[Source "ChessBase"]
[SourceDate "2004.11.15"]
[SourceVersion "1"]
[SourceVersionDate "2004.11.15"]
[SourceQuality "1"]

1. d4 d5 2. Nf3 Nc6 3. e3 Nf6 4. Bd3 Bg4 5. Nbd2 e5 6. dxe5 Nxe5 7. Be2 Bc5 8. Nxe5 Bxe2 9. Qxe2 0-0 10. 0-0 Qe8 11. Ndf3 Bd6 12. Nd3 c5 13. c3 Ne4 14. Bd2 Qb5 15. Rab1 Bc7 16. Rfe1 Rfe8 17. Nc1 Qc6 18. Nb3 Qd6 19. Rbd1 Ng5 20. h3 a5 21. a4 Ne6 22. Bc1 c4 23. Nbd4 Bb8 24. Nb5 Qd7 25. Qxc4 Rd8 26. Qe2 Nc7 27. Nxc7 Qxc7 28. Qc2 Ra6 29. e4 d4 30. Rd2 Rc6 31. Qd1 h6 32. Rxd4 Rdd6 33. Rxd6 Rxd6 34. Qc2 Rg6 35. Be3 Qd6 36. Rd1 Qf6 37. Qe2 Bc7 38. Rd2 Qe6 39. Kh1 Qxe4 40. Qd3 Qxa4 41. Qd7 Qc4 42. Qd3 Qe6 43. Re2 Qc6 44. Bd2 Rd6 45. Qe4 Qb6 46. Be3 Qb5 47. Qc2 Re6 48. Nd4 Qe5 49. Nf3 Qd6 50. Bd4 Rg6 51. Be5 Qc6 52. Bxc7 Qxc7 53. Re8+ Kh7 54. Ne5 Qd6 55. Nxg6 fxg6 56. Re3 b5 57. Qd3 Qc5 58. Qd4 Qf8 59. Re5 a4 60. Rxb5 a3 61. bxa3 Qxa3 62. c4 Qe7 63. c5 Qe1+ 64. Kh2 Qe7 65. c6 Qc7+ 66. Kh1 Qxc6 67. Qc5 Qe6 68. Rb6 Qe1+ 69. Kh2 Qe8 70. Qc6 Qf7 71. Qc2 Qf4+ 72. g3 Qf7 73. Qe2 Qf5 74. Rb3 Qd5 75. Rd3 Qc6 76. Qf3 Qxf3 77. Rxf3 h5 78. g4 h4 79. Rf8 g5 80. f4 gxf4 81. Rxf4 g5 82. Rf5 Kg6 83. Kg2 Kh6 84. Kf3 Kg7 85. Rxg5+ Kf6 86. Kf4 Ke6 87. Rh5 Kd6 88. g5 Ke6 89. Rxh4 Kf7 90. Rg4 Kg6 91. h4 Kh5 92. g6 Kh6 93. g7 1-0

[Event "GER-ch U10"]
[Site "Willingen"]
[Date "2004.06.01"]
[Round "6"]
[White "Korman, Jewgenija"]
[Black "Lebek, Ricarda"]
[Result "1/2-1/2"]
[WhiteElo "1136"]
[BlackElo "914"]
[PlyCount "142"]
[EventDate "2004.06.??"]
[EventType "swiss"]
[EventRounds "11"]
[EventCountry "GER"]
[SourceTitle "EXT 2005"]
[Source "ChessBase"]
[SourceDate "2004.11.15"]
[SourceVersion "1"]
[SourceVersionDate "2004.11.15"]
[SourceQuality "1"]

1. e4 e6 2. d4 d5 3. exd5 exd5 4. Nf3 Bd6 5. Nc3 Nf6 6. Bg5 c6 7. Bd3 0-0 8. 0-0 Bg4 9. Re1 Nbd7 10. h3 Bh5 11. Bf5 Qc7 12. Qd3 Bg6 13. Nh4 Bf4 14. Bxf4 Qxf4 15. Nxg6 fxg6 16. Bxd7 Nxd7 17. Qe2 Rae8 18. Qf3 Qxd4 19. Qg3 Qd2 20. Rec1 Re7 21. f3 d4 22. Ne4 Qe3+ 23. Kh1 Re5 24. Re1 Qf4 25. Qxf4 Rxf4 26. Nd6 b6 27. Rxe5 Nxe5 28. Re1 Rf6 29. Ne4 Rf5 30. Nd6 Rf6 31. Nc8 Rf8 32. Nxa7 Ra8 33. Rxe5 Rxa7 34. Re6 Rxa2 35. Rxc6 Rxb2 36. Rc8+ Kf7 37. Rc7+ Kf6 38. Rc6+ Kf5 39. Rc7 Kf6 40. g4 h5 41. Rc6+ Kg5 42. Rc7 hxg4 43. hxg4 Kf4 44. Kg2 d3 45. Rc4+ Kg5 46. Kg3 Rxc2 47. Rd4 d2 48. Rd6 b5 49. f4+ Kh6 50. Rd8 g5 51. f5 Rc3+ 52. Kf2 g6 53. Rd6 Rc2 54. Rxg6+ Kh7 55. Ke2 b4 56. Rb6 Rc4 57. Rb7+ Kh6 58. f6 Rd4 59. Kd1 Rxg4 60. f7 Rf4 61. Kxd2 Kg7 62. Rb5 Kxf7 63. Rxg5 Rf3 64. Rb5 Rb3 65. Kc2 Rc3+ 66. Kb2 Rc4 67. Kb3 Rc1 68. Rxb4 Rb1+ 69. Kc4 Rd1 70. Rb7+ Ke6 71. Rb6+ Ke5 1/2-1/2

[Event "GER-ch U10"]
[Site "Willingen"]
[Date "2004.05.31"]
[Round "5"]
[White "Rafayevych, Vilen"]
[Black "Korman, Jewgenija"]
[Result "1-0"]
[WhiteElo "1425"]
[BlackElo "1136"]
[PlyCount "99"]
[EventDate "2004.06.??"]
[EventType "swiss"]
[EventRounds "11"]
[EventCountry "GER"]
[SourceTitle "EXT 2005"]
[Source "ChessBase"]
[SourceDate "2004.11.15"]
[SourceVersion "1"]
[SourceVersionDate "2004.11.15"]
[SourceQuality "1"]

1. d4 c6 2. c4 d5 3. Nc3 Bf5 4. cxd5 cxd5 5. Qb3 e6 6. Qxb7 Nd7 7. Bf4 Ngf6 8. Bc7 Qc8 9. Qxc8+ Rxc8 10. Bf4 Bb4 11. Rc1 Ne4 12. Bd2 Nxd2 13. Kxd2 0-0 14. a3 Ba5 15. b4 Bb6 16. Nf3 Nf6 17. e3 Ne4+ 18. Nxe4 Rxc1 19. Kxc1 Bxe4 20. Ba6 Rd8 21. Kd2 Bc7 22. Rc1 Bxf3 23. gxf3 Bxh2 24. f4 g5 25. Rh1 Bxf4 26. exf4 gxf4 27. Rh4 Kg7 28. Rxf4 f6 29. Rg4+ Kf7 30. f4 h5 31. Rg3 Re8 32. Be2 Rh8 33. Rh3 h4 34. Ke3 Kg6 35. Kf3 f5 36. b5 Kh5 37. a4 Kg6 38. a5 Kf6 39. b6 axb6 40. a6 Rh7 41. Bb5 Kg6 42. Bc6 Kf6 43. Bb7 Rc7 44. a7 Rc3+ 45. Kg2 Rc2+ 46. Kf1 Rc1+ 47. Ke2 Rc2+ 48. Kd1 Ra2 49. a8Q Rxa8 50. Bxa8 1-0